Citra lekhā / (Record no. 57333)

MARC details
000 -LEADER
fixed length control field 00641cam a2200229 a 4500
001 - CONTROL NUMBER
control field sa 64002489
003 - CONTROL NUMBER IDENTIFIER
control field DLC
005 - DATE AND TIME OF LATEST TRANSACTION
control field 20260227112010.0
008 - FIXED-LENGTH DATA ELEMENTS--GENERAL INFORMATION
fixed length control field 811123s1960 pk 000 f urdo
010 ## - LIBRARY OF CONGRESS CONTROL NUMBER
LC control number sa 64002489
040 ## - CATALOGING SOURCE
Original cataloging agency DLC
Transcribing agency DLC
041 1# - LANGUAGE CODE
Language code of text/sound track or separate title urd
Language code of original hin
050 00 - LIBRARY OF CONGRESS CALL NUMBER
Classification number PK2098.V38
Item number C5185 1960
100 1# - MAIN ENTRY--PERSONAL NAME
Personal name Verma, Bhagwati Charan,
Dates associated with a name 1903-
240 10 - UNIFORM TITLE
Uniform title Citralekhā.
Language of a work Urdu
245 10 - TITLE STATEMENT
Title Citra lekhā /
Statement of responsibility, etc. Bhagvatī Caran Varmā ; tarjamah Som Ānand.
260 ## - PUBLICATION, DISTRIBUTION, ETC.
Place of publication, distribution, etc. Lāhaur :
Name of publisher, distributor, etc. al-Jadīd,
Date of publication, distribution, etc. 1960.
300 ## - PHYSICAL DESCRIPTION
Extent 286 p. :
Other physical details ill. ;
Dimensions 20 cm.
500 ## - GENERAL NOTE
General note Novel.
546 ## - LANGUAGE NOTE
Language note In Urdu; translated from Hindi.
700 0# - ADDED ENTRY--PERSONAL NAME
Personal name Som Ānand.

No items available.

Powered by Koha